000 00308nam a22001337a 4500
008 170413b xxu||||| |||| 00| 0 eng d
020 _a0812108671
041 _aeng
080 _a612.39
100 _a10
101 _aSHM
245 _aNUTRITION, WEIGHT CONTROL AND EXERCISE
_cKATCH, F.I
942 _2udc
_cBK
999 _c10698
_d10698